| 000 | 00464nam a2200169Ia 4500 | ||
|---|---|---|---|
| 008 | 220216s9999 xx 000 0 und d | ||
| 100 | _aVarkey J.K. | ||
| 245 | 0 | _aAgeing of natural rubber vulcanizates in acid and alkali solutions | |
| 260 |
_bIndian Journal of Natural Rubber Research _c1992 |
||
| 300 | _a133-140 | ||
| 650 | _aAgeing | ||
| 650 | _aNatural rubber | ||
| 650 | _aVulcanizate | ||
| 700 | _aMathew N.M. | ||
| 700 | _aPillai P.V. | ||
| 942 | _cBS | ||
| 999 |
_c50914 _d50914 |
||